1898 1393 1412 1189 1842 1956 1951 1188 1141 1530 1035 1005 1170 1209 1695 1366 1252 1614 1258 1644 1011 1432 1583 1238 1309 1061 1225 1420 1654 1034 1069 1943 1160 1987 1358 1519 1228 1333 1571 1537 1339 1224 1666 1961 1274 1669 1396 1666 1166 1977 1282 1896 1446 1323 1800 1898 1458 1704 1767 1443 1660 1386 1724 1613 1705 1416 1084 1498 1540 1549 1681 1478 1569 1262 1847 1378 1818 1562 1816 1432 1764 1508 1159 1380 1828 1037 1375 1648 1697 1280 1615 1049 1422 1975 1786 1759 1255 1399 1273 BCNSPRNW ULIB Ver.6.0+V

เปลี่ยนเป็นภาษาไทย

Change to English
 แสดงรายละเอียดบรรณานุกรม
  กลับหน้าหลัก

Brief Record : Get Marc (ISO 2709) : E-mail record : QR code < ปิดหน้าต่าง
LEADER : 00000nam 2200000uu 4500
001    13399123426
003     ULIB
008    140915s2548||||th 000 0 tha d
099    วจWY100^bจ623ผ
100 0  จุฑากานต์ กิ่งเนตร
245 00 ผลการใช้แผนภาพมโนทัศน์และการเป็นหุ้นส่วนระหว่างนักศึกษาและอาจารย์.....
945    ^p0^l0^i018344
999    ^aเกษร โพธิ์สุวรรณ
รายการนี้ยังไม่มีแท็ก
คุณยังไม่ได้ล็อกอิน คุณสามารถมีกิจกรรมร่วมกับเว็บไซต์ได้ แต่ต้องล็อกอินก่อน ::
  ล็อกอิน

รายการสื่อสารสนเทศ

ลำดับที่ ประเภท เลขเรียก/บาร์โค้ด สถานที่ สถานะ
1. งานวิจัย
งานวิจัย
วจWY100 จ623ผ ฉ.1 
  Barcode: 018344
ห้องสมุดวิทยาเขตสวรรค์ประชารักษ์
►วิจัย
บนชั้น

รายการใกล้เคียง
    ผู้แต่ง [จุฑากานต์ กิ่งเนตร]

BibComment


ยังไม่เคยถูกคอมเมนท์

คอมเมนท์ทรัพยากรรายการนี้
  คอมเมนท์: ผลการใช้แผนภาพมโน..


 Copyright 2026. Bcnsprnw @Library